header

Silent sentinels (Record no. 132362)

MARC details
000 -LEADER
fixed length control field 01527nam a2200373 a 4500
082 04 - DEWEY DECIMAL CLASSIFICATION NUMBER
Classification number 358/.1282/0973
100 1# - MAIN ENTRY--AUTHOR NAME
Personal name Newton, George W.
245 10 - TITLE STATEMENT
Title Silent sentinels
260 ## - PUBLICATION, DISTRIBUTION, ETC. (IMPRINT)
Place of publication New York :
Name of publisher Savas Beatie,
Year of publication c2005.
300 ## - PHYSICAL DESCRIPTION
Number of Pages xx, 259 p. :
Other physical details ill., maps.
650 #0 - SUBJECT ADDED ENTRY--TOPICAL TERM
Topical Term Artillery, Field and mountain
Topical Term Gettysburg, Battle of, Gettysburg, Pa., 1863.
Topical Term Gettysburg Campaign, 1863.
856 40 - ELECTRONIC LOCATION AND ACCESS
Uniform Resource Identifier http://site.ebrary.com/lib/rucke/Doc?id=10498857

No items available.

© 2026 Rongo University
Contact us: librarian | system librarian | Rongo university